| 000 | 00378nam a2200145Ia 4500 | ||
|---|---|---|---|
| 008 | 150201s2004 xx 000 0 und d | ||
| 082 |
_a616.07 _bP2004C |
||
| 100 | _aSCULLY,C.S. | ||
| 245 | _aPRACTICAL PATHOLOGY & MICROBIOLOGY FOR DENTAL STUDENTS | ||
| 250 | _a1ST | ||
| 260 |
_bARYA PUBLICATION _aDELHI _c2004 |
||
| 300 | _a1-105 | ||
| 650 | _aPATHOLOGY | ||
| 942 |
_2ddc _cBK _019 |
||
| 999 |
_c3616 _d3616 |
||